| 000 | 00734pam a2200241 a 4500 | ||
|---|---|---|---|
| 008 | |||
| 020 | _a0750611065 (hbk.) | ||
| 049 | _aMAIN | ||
| 090 | _aTP156.C65 | ||
| 245 | 0 | 0 |
_aAdvances in measurement and control of colloidal processes/ _cedited by R.A. Williams and N.C. de Jaeger. |
| 260 |
_aOxford : _bButterworth-Heinemann, _c1991. |
||
| 300 |
_ax, 442 p. : _bill. ; _c24 cm. |
||
| 504 | _aIncludes bibliographical references. | ||
| 650 | 0 | _aParticles. | |
| 650 | 0 | _aColloids. | |
| 700 | 1 | _ade Jaeger, N. C. | |
| 700 | 1 | _aWilliams, R. A. | |
| 907 |
_a.b10064527 _b01-09-05 _c17-04-03 |
||
| 003 | |||
| 005 | 20230123133240.0 | ||
| 040 | _cNUST | ||
| 942 |
_cBOOKS _kTP156.C65 |
||
| 999 |
_c145320 _d145320 |
||